000 00804cam a22002651 4500
999 _c9941
_d9941
001 9941
003 BD-JhCC
005 20180403183508.0
008 180403r1965uuuunyuabc b 000 0beng
035 _a(BD-JhCC)9941
035 _a(OCoLC)223422
_aBD-JhCC
040 _aDLC
_cOUrC
_dOCoLC
_dDLC
_dBD-JhCC
041 _aeng
050 0 0 _aDA69.3.W37
_bR6 1965
082 _a923.542
_bCON 1965
100 1 _aConnell, John,
_d1909-1965.
245 1 0 _aWavell, scholar and soldier /
_cby John Connell.
250 _a[1st American ed.]
260 _aNew York :
_bHarcourt, Brace & World,
_c[1965, c1964].
300 _a573 p.
_billus., maps, ports.
_c24 cm.
504 _aBibliography: p. 543-545.
600 1 0 _aWavell, Archibald Percival Wavell,
_cEarl of,
_d1883-1950.
942 _2ddc
_cREF